10 Najpopularniejszych Marek na Świecie - Statystyki

Ogólne statystyki
  • Ten quiz został rozwiązany 572 razy
  • Średni wynik to 3 z 10
Statystyki odpowiedzi
Hint Odpowiedź % Poprawnych
USA, Kalifornia Apple inc.
67%
Niemcy, Monachium BMW
50%
USA, Waszyngton Microsoft Corporation
43%
USA, Kalifornia Google LLC
39%
USA, Chicago McDonald's Corporation
35%
USA, Atlanta Coca-Cola
33%
USA, Kalifornia Intel
7%
USA, Nowy Jork International Business Machines Corporation
3%
USA, Massachusetts General Electric
2%
USA, Kalifornia Cisco system
0%
Nie znaleziono quizów pasujących do podanych kryteriów
Rozkład punktacji
Procent ludzi z każdym wynikiem
Percentyl według liczby udzielonych odpowiedzi
Twoja historia wyników
Nie rozwiązałeś tego quizu